Esperimenti di felicità provvisoria /

Uloženo v:
Podrobná bibliografie
Hlavní autor: Bianchi, Matteo B.
Médium: Kniha
Jazyk:angličtina
Tagy: Přidat tag
Žádné tagy, Buďte první, kdo vytvoří štítek k tomuto záznamu!

MARC

LEADER 00000nam a2200000 4500
001 CDOM0000002141
003 mi
005 20250828172948.0
008 250720b |||||||| |||| 00| 0 eng d
040 |c mi 
100 |a Bianchi, Matteo B. 
245 1 |a Esperimenti di felicità provvisoria /  |c Matteo B. Bianchi 
942 |2 ddc  |c BK 
952 |0 0  |1 0  |2 ddc  |4 0  |7 0  |9 8575  |a MI  |b MI  |d 2006-03-17  |i 5121  |l 0  |p CDOM5121  |r 2025-07-17 21:50:00  |w 2025-07-17  |x ACQUISTO  |y BK 
999 |c 7137  |d 7137